| 000 | 00617cam a2200193 4500 | ||
|---|---|---|---|
| 001 | M87640 | ||
| 008 | 090401t1997 xxu||||| |||| 00| 0 eng d | ||
| 035 | _a(Sirsi) u82022 | ||
| 041 | _aeng | ||
| 050 |
_a526.982 _c18 |
||
| 110 |
_aUniversity College London _bDepartment of Photogrammetry and Surveying _94748 |
||
| 245 | _aFifty years of photogrammetry and surveying at University College London 1947-1997 | ||
| 260 |
_aLondon _bUCL _c1997 |
||
| 300 |
_a56p. _c21cm. |
||
| 350 | _a0 | ||
| 690 | _aENVIRONMENTAL AND LAND CONSULTANCY-GEOMATICS-PHOTOGRAMMETRY AND REMOTE SENSING | ||
| 942 | _n0 | ||
| 948 | _c12/11/1997 | ||
| 999 |
_c96763 _d96763 |
||